| 000 | 00919nam a2200253 i 4500 | ||
|---|---|---|---|
| 001 | 162333 | ||
| 003 | ES-MaACL | ||
| 005 | 20250817024656.0 | ||
| 008 | 931025s1868 sp |||| | spa d | ||
| 100 | 1 |
_aPoe, Edgar Allan, _d1809-1849 _9188384 |
|
| 245 | 1 | 4 |
_aLos anglo-americanos en el Polo Sur _b: aventuras de Arturo Gordon-Pym / _cpor Edgar Poe ; traducción de F.N. |
| 260 |
_aMadrid : _b[s.n.], _c1868 ( _fimp. de la Biblioteca Universal Economica) |
||
| 300 |
_a250 p. ; _c18 cm. |
||
| 490 | 1 | _aBiblioteca Económica de Instrucción y Recreo | |
| 655 | 0 |
_9234459 _aNovelas de acción y aventuras |
|
| 700 | 0 | 1 |
_aF. N., _948488 |
| 740 | 0 | _aAventuras de Arturo Gordon-Pym. | |
| 752 |
_aEspaña - _dMadrid |
||
| 830 | 0 | 0 |
_aBiblioteca económica de instrucción y recreo _9182441 |
| 852 |
_aES-MaACL _jD-3143 _z-- Enc. hol. |
||
| 942 | _2udc | ||
| 999 |
_c162333 _d162333 |
||